Honduras: la noche que quemaron el consulado /

Salvato in:
Dettagli Bibliografici
Autore principale: Moreno, Juan
Natura: testo
Tags: Aggiungi Tag
Nessun Tag, puoi essere il primo ad aggiungerne!!

MARC

LEADER 00000 a a2200000 04500
001 1733
003
040
100 |a Moreno, Juan  
245 |a Honduras:   |b la noche que quemaron el consulado /  |c Juan Moreno 
773 |g número 44; páginas 35-36  
999 |c 32898  |d 32898